[Event "Mallorca-ch School U14"]
[Site "Mallorca"]
[Date "2018.03.09"]
[Round "5"]
[White "Canyelles Sureda, Joan"]
[Black "Segura Calvo, Alberto"]
[Result "0-1"]
[WhiteElo "1374"]
[BlackElo "1322"]
[PlyCount "64"]
[EventDate "2018.02.02"]
[EventType "swiss"]
[EventRounds "6"]
[EventCountry "ESP"]
[SourceTitle "EXT 2024"]
[Source "ChessBase"]
[SourceDate "2023.10.10"]
[SourceVersion "1"]
[SourceVersionDate "2023.10.10"]
[SourceQuality "1"]

1. d4 d5 2. Nf3 Nc6 3. g3 Nf6 4. Bg2 Bf5 5. 0-0 e6 6. c4 Be7 7. Nc3 0-0 8. Re1 Bb4 9. a3 Be7 10. Nh4 Bg4 11. Nf3 Qd7 12. Qb3 Bxf3 13. Bxf3 Nxd4 14. Qxb7 Nc2 15. Bf4 Nxe1 16. Rxe1 Bd6 17. Be3 Rfb8 18. Qa6 c5 19. cxd5 exd5 20. Nxd5 Nxd5 21. Bxd5 Rb6 22. Qc4 Rab8 23. b4 Qb5 24. Qc2 Rc8 25. bxc5 Bxc5 26. Rc1 Rd6 27. Bf3 Rdd8 28. Bxc5 Qa5 29. Qf5 Rc7 30. Kg2 Rdc8 31. Bb7 Rxc5 32. Qxc8+ Rxc8 0-1